Sports Quiz

Random Sports or NHL Quiz

4x4 Grid Match: Sports Quiz Stats

 Plays Quiz Updated Oct 30, 2017

Challenge
Share
Tweet
Score 0/16 Timer 04:00
237 Plays Today
% Correct
Scottie Pippen
89.1%
Michael Strahan
87.3%
Yogi Berra
86.6%
Walter Payton
86.5%
Calvin Johnson
84.3%
Ernie Banks
71.6%
Mike Schmidt
71.1%
Joe Dumars
70.2%
% Correct
Al Kaline
65.8%
Steve Yzerman
64.8%
Willis Reed
64.3%
Chuck Bednarik
56.9%
Denis Savard
53.7%
Mike Bossy
51.9%
Bernie Parent
50.2%
Hal Greer
49.3%

You're not logged in!

Compare scores with friends on all Sporcle quizzes.
Join for Free
OR
Log In

You Might Also Like...

Show Comments

Extras

Top Quizzes Today


Score Distribution

Your Account Isn't Verified!

In order to create a playlist on Sporcle, you need to verify the email address you used during registration. Go to your Sporcle Settings to finish the process.

Report this User

Report this user for behavior that violates our Community Guidelines.

Details: